| 000 | 00567nam a2200169Ia 4500 | ||
|---|---|---|---|
| 008 | 090711s9999 xx 000 0 und d | ||
| 082 | _b51090 | ||
| 100 | _aपालखीवाला नानी ए. | ||
| 245 | _aवई दि पीपल | ||
| 260 |
_bमहेता पब्लिकेशन हाऊस _c1985 |
||
| 300 | _a394 | ||
| 600 | _aपालखीवाला नानी ए. | ||
| 630 | _aवई दि पीपल | ||
| 700 | _aपालखीवाला नानी ए. | ||
| 730 | _aवई दि पीपल | ||
| 942 | _cBOOK | ||
| 999 |
_c327236 _d327236 |
||